Alles Tesla-Autos - Statistiken

Allgemein
  • Dieses Quiz wurde 112 mal gespielt
  • Das Durchschnittsergebnis liegt bei 6 aus 10
Antwortstatistiken
Bildquiz Antwort % Korrekt
Tesla Model X
96%
Tesla Model S
95%
Tesla Model Y
95%
Cybertruck
90%
Tesla Model 3
84%
Tesla Roadster
68%
Tesla ATV
28%
Tesla Model 2 (Q)
18%
Tesla Semi
18%
Tesla Roadster 2
17%
Keine übereinstimmenden Quizze gefunden
Verteilung der Resultate
Anzahl Personen mit jedem Resultat
Perzentil nach korrekt beantworteten Fragen
Ihre Resultats-Entwicklung
Sie haben dieses Quiz noch nicht gespielt